00650nam a2200133Ia 4500008004100000100003200041245014100073245015300214260005300367260000900420300001100429650001500440856006100455170221s9999 xx 000 0 und d aAnna Iosifovna Shcherbakova aSocial and Cultural Transformations of the Russian Society and Modern Innovative Strategies from the Perspective of Synergetic Analysis  cAnna Iosifovna Shcherbakova, Elena Nikolaevna Selezneva, Alexander Vlaldlenovich Kamenets, Irina Anatolievna Korsakova, Elena Gennadievna Gorbacheva bInternational Review of Management and Marketing c2016 a6 : 3S xMarketing. uhttp://www.econjournals.com/index.php/irmm/issue/view/75